Namesakes of the Months - Statistics

General Stats
  • This quiz has been taken 44 times
  • The average score is 7 of 13
Answer Stats
Month Answer % Correct
August Caesar Augustus
90%
July Gaius Iulius Caesar
81%
January Janus
79%
October eight
74%
November nine
74%
September seven
74%
December ten
74%
March Mars
69%
June Juno
52%
February Februa (Lupercalia)
21%
April Aphrodite
19%
May Maia
19%
April aperire (to open)
12%
No matching quizzes found
Score Distribution
Percent of People with Each Score
Percentile by Number Answered
Your Score History
You have not taken this quiz